Responses for Show #2346 - Monday, November 14, 1994

1994 Tournament of Champions quarterfinal game 1.

Contestants

[<< previous game]

Matt Morris, a Teen Tournament winner originally from Louisville, Kentucky

Tom Nichols, a political science professor originally from Chicopee, Massachusetts

Jean Grewe, a typesetter from Oak Park, Illinois

[next game >>]

Jeopardy! Round responses

BLACK AMERICA
MOVIE THRILLERS
DECORATIVE ARTS
WORLD FACTS
ORGANIZATIONS
QUOTATIONS
    $100 26
Martin Luther King, Jr.

Tom
    $100 3
The Manchurian Candidate

Tom
    $100 1
China

Jean
    $100 20
Shetland Islands

Tom
    $100 11
National Audubon Society

Jean
    $100 15
Robs Peter

Jean
    $200 27
"Carry Me Back to Old Virginny"

Jean
    $200 4
Basic Instinct

Tom
    $200 2
lace

Tom
    $200 22
Ecuador

Tom
    $200 12
International Red Cross

Jean
    $200 16
(M: Who is Alan Shepard?)
(T: Who is John Glenn?)

Yuri Gagarin

TomMatt
Triple Stumper
    $300 28
Thurgood Marshall

Tom
    $300 5
Dr. No

Jean
    $300 8
Tapestry

Jean
    $300 23
Kuala Lumpur

Jean
    $300 13
(T: What is the American Lung Association?)

American Cancer Society

JeanTom
    $300 17
Time

Triple Stumper
    $400 29
Althea Gibson

Matt
    $400 6
Statue of Liberty

Jean
    $400 9
art deco

Jean
    $400 24
Barcelona

Tom
    $400 14
Grand Army of the Republic

Tom
    $400 18
Depression

Tom
    $500 30
Toni Morrison

Jean
    $500 7
(T: What is "Dial M for Murder?")

Sorry, Wrong Number

Tom
Triple Stumper
    $500 10
Josiah Wedgwood

Jean
    $600 25
the Caspian Sea

Tom
    $500 21
Kiwanis International

Triple Stumper
    $500 19
History

Jean

Scores at the first commercial break (after clue 15):

Jean Tom Matt
$2,700 $100 $0

Scores at the end of the Jeopardy! Round:

Jean Tom Matt
$4,200 $2,000 $200

Double Jeopardy! Round responses

16th CENTURY PEOPLE
COLLEGES & UNIVERSITIES
MUSIC
HOLIDAYS & OBSERVANCES
LAW & GOVERNMENT
NONFICTION
    $200 29
Sir Walter Raleigh

Tom
    $200 7
Rhode Island

Jean
    $200 11
James Galway

Tom
    $200 22
Ramadan

Tom
    $200 10
Habeas corpus

Jean
    $200 16
Oprah Winfrey

Jean
    $400 30
Ivan the Terrible

Tom
    $400 8
William and Mary

Tom
    $400 17
Ludwig van Beethoven

Tom
    $400 23
(T: What is Sunday?)
(J: What is Saturday?)

Monday

JeanTom
Triple Stumper
    $400 12
Fillibustering

Tom
    $400 18
Erica Jong

Tom
    $600 1
Niccolo Machiavelli

Matt
    $600 9
Oral Roberts University

Tom
    $600 27
(T: Who is Benny Goodman?)

Woody Herman (and the Thundering Herds)

JeanTom
    $600 24
Confucius

Tom
    $600 13
Roe v. Wade

Tom
    $600 19
Dian Fossey

Jean
    $1,000 2
Amerigo Vespucci

Matt
    $800 5
Salem, Oregon

Matt
    $2,000 28
The Beggar's Opera

Jean
    $800 25
King Kamehameha

Jean
    $800 14
Eminent domain

Tom
    $800 20
Jean Paul Getty

Jean
    $1000 3
Desiderius Erasmus

Matt
    $1000 6
Vanderbilt

Tom
    $1000 4
(J: Who is Kiri Te Kanawa?)

Dame Joan Sutherland

Jean
Triple Stumper
    $1000 26
(J: Who is Pancho Villa?)

Benito Juarez

Jean
Triple Stumper
    $1000 15
Expatriation

Triple Stumper
    $1000 21
Sun Yat-sen

Tom

Scores at the end of the Double Jeopardy! Round:

Jean Tom Matt
$7,200 $8,200 $3,600

Final Jeopardy! Round responses

ROYALTY
MattWho is Alexander the Great?
$3,600
JeanWho was Philip II?
$4,000
TomWho was Alexander?
$6,300
King Constantine II (former King Constantine)

Final scores:

Jean Tom Matt
$3,200 $1,900 $0
Automatic semifinalist 2nd place: $1,000 if eliminated 3rd place: $1,000 if eliminated

Game dynamics:

Coryat scores:

Jean Tom Matt
$6,000 $8,100 $3,400
22 R
(including 1 DD),
3 W
25 R
(including 1 DD),
5 W
5 R
(including 1 DD),
1 W

Combined Coryat: $17,500

[game clues] [game scores] [suggest correction]

Game tape date: 1994-10-11
The J! Archive is created by fans, for fans. Scraping, republication, monetization, and malicious use prohibited; this site may use cookies and collect identifying information. See terms. The Jeopardy! game show and all elements thereof, including but not limited to copyright and trademark thereto, are the property of Jeopardy Productions, Inc. and are protected under law. This website is not affiliated with, sponsored by, or operated by Jeopardy Productions, Inc. Join the discussion at JBoard.tv.